000 00452nam a2200181Ia 4500
005 20250603145916.0
008 250603s9999 xx 000 0 und d
020 _a9789780021207
050 _aJZ 1862 .O94/
100 _aOyelakin, L. O. Oladejo
245 4 _aThe Nigerian diplomatic practice
260 _aLagos
260 _bNigerian Institute of International Affairs
260 _c2014
300 _a801 p
650 _aLagos
942 _cBK
999 _c43214
_d43214